000 00908pam a2200253 a 4500
001 3856860
005 20260312183305.0
008 880906r19881982enka b 001 0 eng
020 _a0415027896
_qpbk.
020 _a0416735002
020 _a9780415027892
_q(pbk.)
020 _a9780416735000
050 1 0 _aHN400.M3
_bC85 1988
082 0 0 _a302.2/3
_219
245 0 0 _aCulture, society, and the media /
_cedited by Michael Gurevitch ... [et al.].
260 _aLondon ;
_aNew York :
_bRoutledge,
_c1988
_g(1990 printing)
300 _a317 p. :
_bill. ;
_c24 cm.
500 _aOriginally published: London ; New York : Methuen, 1982.
650 0 _aMass media
_xSocial aspects
_zGreat Britain.
650 0 _aMass media
_xSocial aspects
_zUnited States.
700 1 _aGurevitch, Michael.
856 4 2 _3Publisher description
_uhttp://www.loc.gov/catdir/enhancements/fy0648/88029700-d.html
942 _2lcc
_cBK
_n0
999 _c8994
_d8994